India development report 1997 (Record no. 41163)

MARC details
000 -LEADER
fixed length control field 00295nam a2200109Ia 4500
082 ## - DEWEY DECIMAL CLASSIFICATION NUMBER
Classification number 330.34(540)1997
Item number PAR
245 #0 - TITLE STATEMENT
Title India development report 1997
260 ## - PUBLICATION, DISTRIBUTION, ETC. (IMPRINT)
Place of publication Delhi
Name of publisher Oxford University Press
Year of publication 1997
700 ## - ADDED ENTRY--PERSONAL NAME
Personal name Parikh, Kirti S
942 ## - ADDED ENTRY ELEMENTS (KOHA)
Koha item type Books
Holdings
Withdrawn status Lost status Damaged status Not for loan Home library Current library Date acquired Cost, normal purchase price Full call number Accession Number Koha item type
        RRII Library RRII Library 16/12/2021 265.00 330.34(540)1997 PAR 21455 Books